Top 10 największych państw w Europie. - Statystyki

Ogólne statystyki
  • Ten quiz został rozwiązany 101 razy
    99 od ostatniego zresetowania
  • Średni wynik to 8 z 10
Statystyki odpowiedzi
Miejsce Powierzchnia Państwo % Poprawnych
1. 17 075 400 km² Rosja
100%
5. 643 801 km² Francja
96%
9. 357 588 km² Niemcy
95%
7. 505 994 km² Hiszpania
93%
6. 603 628 km² Ukraina
93%
4. 783 356 km² Turcja
81%
8. 450 295 km² Szwecja
79%
10. 338 145 km² Finlandia
72%
2. 2 724 900 km² Kazachstan
56%
3. 2 210 582 km² Dania
55%
Nie znaleziono quizów pasujących do podanych kryteriów
Rozkład punktacji
Procent ludzi z każdym wynikiem
Percentyl według liczby udzielonych odpowiedzi
Twoja historia wyników
Nie rozwiązałeś tego quizu od ostatniego zresetowania